000 00548 a2200169 4500
003 OSt
005 20231102143929.0
008 231102b |||||||| |||| 00| 0 eng d
020 _a9789380081870
040 _coclc
082 _a297.272
_bDAB/I
100 1 _aDabashi, Hamid,
_d1951-
_99805
245 _aIslamika Vimochana daivashastram = Islamic liberation theology : resisting the empire /
_cHamid Dabashi
260 _aKerala:
_bOther Books,
_c2020.
300 _a492p
942 _2ddc
_cBK
_h297.272
_iDAB/I
_k297.272
_mDAB/I
999 _c42749
_d42749